[Event "Dallas UTD GM Invitational"]
[Site "Richardson USA"]
[Date "2007.12.06"]
[Round "1.1"]
[White "Ning, Chunhong"]
[Black "Bartholomew, John"]
[Result "1/2-1/2"]
[WhiteElo "2354"]
[BlackElo "2435"]
[PlyCount "85"]
[EventDate "2007.12.06"]
[EventType "tourn"]
[EventRounds "11"]
[EventCountry "USA"]
[Source "lmi"]
[SourceDate "2007.12.06"]

1. e4 d5 2. exd5 Qxd5 3. Nc3 Qa5 4. d4 c6 5. Nf3 Nf6 6. Be2 Bf5 7. O-O e6 8.
Nh4 Bg6 9. Bf4 Be7 10. Nxg6 hxg6 11. Qd3 Nbd7 12. a3 O-O 13. h3 Rad8 14. Rad1
Nd5 15. Bd2 Qc7 16. Qf3 Nxc3 17. Bxc3 Bf6 18. Bb4 Rfe8 19. c4 Nb6 20. Qe4 Nc8
21. Bc3 Rd7 22. g4 Red8 23. Rd2 Nd6 24. Qe3 b6 25. f4 Nb7 26. Rfd1 b5 27. cxb5
cxb5 28. Bxb5 Rd5 29. Bf1 g5 30. Rf2 Nd6 31. Bg2 gxf4 32. Qxf4 e5 33. Qg3 e4
34. Bxe4 Bh4 35. Qxh4 Nxe4 36. Re2 Nxc3 37. bxc3 Qxc3 38. Rde1 Qxd4+ 39. Qf2
Qxf2+ 40. Kxf2 Rd3 41. Re8+ Rxe8 42. Rxe8+ Kh7 43. Re3 1/2-1/2

[Event "Dallas UTD GM Invitational"]
[Site "Richardson USA"]
[Date "2007.12.06"]
[Round "1.2"]
[White "Izoria, Zviad"]
[Black "Stopa, Jacek"]
[Result "1/2-1/2"]
[WhiteElo "2643"]
[BlackElo "2410"]
[PlyCount "89"]
[EventDate "2007.12.06"]
[EventType "tourn"]
[EventRounds "11"]
[EventCountry "USA"]
[Source "lmi"]
[SourceDate "2007.12.06"]

1. e4 d5 2. exd5 Qxd5 3. Nf3 Bg4 4. Be2 Nc6 5. d4 O-O-O 6. Be3 Nh6 7. Nbd2 e5
8. c4 Qa5 9. d5 Nf5 10. a3 Bxf3 11. Bxf3 Ncd4 12. Be4 Kb8 13. O-O g6 14. b4 Qa6
15. Bd3 Bh6 16. Bxh6 Nxh6 17. Ne4 b6 18. c5 Qc8 19. d6 f5 20. dxc7+ Qxc7 21.
Nd6 Nf7 22. Nxf7 Qxf7 23. Rc1 e4 24. Bc4 Qf6 25. Qa4 Rhe8 26. cxb6 Qxb6 27.
Rfd1 e3 28. fxe3 Ne2+ 29. Bxe2 Qxe3+ 30. Kh1 Qxe2 31. h3 Rxd1+ 32. Rxd1 f4 33.
Qd7 g5 34. Qd6+ Ka8 35. Qc6+ Kb8 36. Qd6+ Ka8 37. Rc1 Qe3 38. Qc6+ Kb8 39. Qb5+
Ka8 40. Rd1 Qe7 41. Qc6+ Kb8 42. Qb5+ Ka8 43. Qd5+ Kb8 44. Kh2 Qe5 45. Qf3
1/2-1/2

[Event "Dallas UTD GM Invitational"]
[Site "Richardson USA"]
[Date "2007.12.06"]
[Round "1.4"]
[White "Panchanathan, Magesh Chandran"]
[Black "Kuljasevic, Davorin"]
[Result "0-1"]
[WhiteElo "2500"]
[BlackElo "2464"]
[PlyCount "84"]
[EventDate "2007.12.06"]
[EventType "tourn"]
[EventRounds "11"]
[EventCountry "USA"]
[Source "lmi"]
[SourceDate "2007.12.06"]

1. e4 e6 2. d4 d5 3. Nd2 c5 4. Ngf3 cxd4 5. exd5 Qxd5 6. Bc4 Qd6 7. O-O Nf6 8.
Nb3 Nc6 9. Nbxd4 Nxd4 10. Nxd4 a6 11. c3 Qc7 12. Bd3 Bd6 13. h3 O-O 14. a4 b6
15. Bg5 Nd5 16. Re1 Bb7 17. Qh5 g6 18. Qh4 e5 19. Bh6 Qd8 20. Qxd8 Rfxd8 21.
Nf3 f6 22. Bc4 Rac8 23. Bb3 Bf8 24. Be3 Bc5 25. a5 Kg7 26. Bxd5 Rxd5 27. c4
Rdd8 28. Red1 Bxe3 29. fxe3 Rxd1+ 30. Rxd1 Bxf3 31. Rd7+ Kh6 32. gxf3 bxa5 33.
Rd6 Kg5 34. Rxa6 Rxc4 35. Rxa5 Kh4 36. Ra7 Kg3 37. Kf1 Kxf3 38. Kg1 Rc1+ 39.
Kh2 Rc2+ 40. Kg1 Rxb2 41. Rxh7 Kxe3 42. Rh6 f5 0-1

[Event "Dallas UTD GM Invitational"]
[Site "Richardson USA"]
[Date "2007.12.06"]
[Round "1.6"]
[White "Bercys, Salvijus"]
[Black "Ramirez, Alejandro"]
[Result "0-1"]
[WhiteElo "2418"]
[BlackElo "2505"]
[PlyCount "118"]
[EventDate "2007.12.06"]
[EventType "tourn"]
[EventRounds "11"]
[EventCountry "USA"]
[Source "lmi"]
[SourceDate "2007.12.06"]

1. d4 Nf6 2. Nf3 d5 3. c4 c6 4. e3 Bg4 5. Nc3 e6 6. h3 Bxf3 7. Qxf3 Nbd7 8. Bd2
Bb4 9. Bd3 O-O 10. cxd5 Bxc3 11. Bxc3 exd5 12. O-O Re8 13. Qe2 Ne4 14. Be1 Qf6
15. f3 Nd6 16. Bf2 c5 17. Bb5 Nxb5 18. Qxb5 cxd4 19. Qxd7 dxe3 20. Bg3 d4 21.
Rfd1 Rad8 22. Qb5 Re6 23. Rac1 h6 24. Be1 Qf4 25. Qe2 Rg6 26. Rd3 Rd5 27. Rcd1
Rgd6 28. b3 h5 29. Rc1 Rg6 30. h4 Kh7 31. a4 b6 32. Rc4 a6 33. Rc8 b5 34. a5
Qf5 35. Rc1 Qf4 36. Rcd1 Rgd6 37. g3 Qf5 38. Rc1 Rg6 39. Kh2 Rf6 40. Kg2 Qe5
41. Rdd1 g6 42. Qd3 Rfd6 43. Rc2 Qe6 44. Rdc1 Rf5 45. Rc5 Rdd5 46. Rc6 Rd6 47.
R6c5 Rdd5 48. Rc6 Rd6 49. Rxd6 Qxd6 50. Rd1 Qd5 51. Qe2 Qc5 52. b4 Qe5 53. Rc1
Qd6 54. Qd3 Qd5 55. Qe4 d3 56. Qxd5 Rxd5 57. Rd1 d2 58. Kf1 Rd4 59. Ke2 Rxb4
0-1

[Event "Dallas UTD GM Invitational"]
[Site "Richardson USA"]
[Date "2007.12.07"]
[Round "2.5"]
[White "Kuljasevic, Davorin"]
[Black "Zhao, Jun"]
[Result "1-0"]
[WhiteElo "2464"]
[BlackElo "2552"]
[PlyCount "60"]
[EventDate "2007.12.06"]
[EventType "tourn"]
[EventRounds "11"]
[EventCountry "USA"]
[Source "lmi"]
[SourceDate "2007.12.06"]

1. d4 d5 2. c4 c6 3. Nf3 Nf6 4. Nc3 e6 5. Bg5 h6 6. Bh4 dxc4 7. e4 g5 8. Bg3 b5
9. Be2 Bb7 10. O-O Nbd7 11. Ne5 Bg7 12. Nxd7 Nxd7 13. Bd6 a6 14. a4 e5 15. Bg4
exd4 16. e5 c5 17. Bf3 Bxf3 18. Qxf3 Nxe5 19. Qd5 dxc3 20. Rfe1 cxb2 21. Rad1
b1=Q 22. Rxb1 Rc8 23. axb5 axb5 24. Rbd1 Qd7 25. Rxe5+ Bxe5 26. Qxe5+ Qe6 27.
Qxh8+ Kd7 28. Bxc5+ Kc6 29. Qd4 Re8 30. Bb4 Qe4 1-0

[Event "Dallas UTD GM Invitational"]
[Site "Richardson USA"]
[Date "2007.12.07"]
[Round "2.6"]
[White "Ramirez, Alejandro"]
[Black "Boskovic, Drasko"]
[Result "1-0"]
[WhiteElo "2505"]
[BlackElo "2465"]
[PlyCount "85"]
[EventDate "2007.12.06"]
[EventType "tourn"]
[EventRounds "11"]
[EventCountry "USA"]
[Source "lmi"]
[SourceDate "2007.12.06"]

1. d4 Nf6 2. c4 d6 3. Nf3 Bf5 4. g3 c6 5. Bg2 d5 6. Nc3 e6 7. Nh4 Bg6 8. Qb3
Qb6 9. Nxg6 hxg6 10. c5 Qxb3 11. axb3 Na6 12. Ra4 e5 13. dxe5 Nd7 14. b4 Nxe5
15. Bf4 f6 16. O-O Nc7 17. h4 Ne6 18. Bxe5 fxe5 19. Nxd5 cxd5 20. Bxd5 Nd8 21.
Rc1 Nc6 22. b5 Nd4 23. Rxd4 exd4 24. Bxb7 Rd8 25. c6 Bd6 26. c7 Bxc7 27. Rxc7
O-O 28. Be4 Rf7 29. Rc6 Rf6 30. Rxf6 gxf6 31. Bxg6 Kg7 32. Bd3 Re8 33. Kg2 Re5
34. Kf3 Kh6 35. g4 Kg7 36. Kf4 Kh6 37. g5+ Kg7 38. Kg4 Rc5 39. f4 f5+ 40. Bxf5
Rxb5 41. h5 Rxb2 42. h6+ Kh8 43. Bd3 1-0

[Event "Dallas UTD GM Invitational"]
[Site "Richardson USA"]
[Date "2007.12.08"]
[Round "3.1"]
[White "Izoria, Zviad"]
[Black "Bercys, Salvijus"]
[Result "1-0"]
[WhiteElo "2643"]
[BlackElo "2418"]
[PlyCount "81"]
[EventDate "2007.12.06"]
[EventType "tourn"]
[EventRounds "11"]
[EventCountry "USA"]
[Source "lmi"]
[SourceDate "2007.12.06"]

1. g3 c5 2. Bg2 Nc6 3. Nf3 g6 4. O-O Bg7 5. c4 e5 6. Nc3 Nge7 7. a3 O-O 8. Rb1
f5 9. d3 d6 10. Bg5 h6 11. Bxe7 Nxe7 12. Nd2 g5 13. b4 e4 14. Qc2 Nc6 15. dxe4
f4 16. e5 cxb4 17. axb4 Nxe5 18. Rbd1 g4 19. Rfe1 Kh8 20. Nd5 f3 21. exf3 gxf3
22. Bf1 Bf5 23. Qb3 Qg5 24. Ne4 Bxe4 25. Rxe4 Rf7 26. Ne3 Rf6 27. c5 dxc5 28.
h4 Qh5 29. Rd5 Re8 30. bxc5 Qf7 31. Rexe5 Rxe5 32. Rd8+ Bf8 33. Qc3 Qe7 34. Ng4
Qxd8 35. Qxe5 Bg7 36. Nxf6 Bxf6 37. Qf4 Kg7 38. Qg4+ Kf8 39. Qxf3 Qd4 40. Bc4
a5 41. Bb3 1-0

[Event "Dallas UTD GM Invitational"]
[Site "Richardson USA"]
[Date "2007.12.08"]
[Round "3.2"]
[White "Schneider, Dmitry"]
[Black "Bartholomew, John"]
[Result "1/2-1/2"]
[WhiteElo "2502"]
[BlackElo "2435"]
[PlyCount "55"]
[EventDate "2007.12.06"]
[EventType "tourn"]
[EventRounds "11"]
[EventCountry "USA"]
[Source "lmi"]
[SourceDate "2007.12.06"]

1. e4 c6 2. d4 d5 3. exd5 cxd5 4. c4 Nf6 5. Nc3 Nc6 6. Nf3 Bg4 7. cxd5 Nxd5 8.
Qb3 Bxf3 9. gxf3 e6 10. Qxb7 Nxd4 11. Bb5+ Nxb5 12. Qc6+ Ke7 13. Qxb5 Qd7 14.
Nxd5+ Qxd5 15. Bg5+ f6 16. Qxd5 exd5 17. Be3 Ke6 18. O-O-O Bb4 19. Kb1 Rhd8 20.
a3 Bf8 21. Rd3 a5 22. Re1 Kf5 23. Red1 Ke6 24. Re1 Kf5 25. Rc1 Rd7 26. Rc6 a4
27. Kc2 Ra5 28. h3 1/2-1/2

[Event "Dallas UTD GM Invitational"]
[Site "Richardson USA"]
[Date "2007.12.08"]
[Round "3.3"]
[White "Panchanathan, Magesh Chandran"]
[Black "Stopa, Jacek"]
[Result "0-1"]
[WhiteElo "2500"]
[BlackElo "2410"]
[PlyCount "140"]
[EventDate "2007.12.06"]
[EventType "tourn"]
[EventRounds "11"]
[EventCountry "USA"]
[Source "lmi"]
[SourceDate "2007.12.06"]

1. e4 e5 2. Nf3 Nc6 3. Bb5 a6 4. Ba4 Nf6 5. O-O Be7 6. Re1 b5 7. Bb3 d6 8. c3
O-O 9. h3 Na5 10. Bc2 d5 11. d4 dxe4 12. Nxe5 c5 13. Bg5 Bb7 14. dxc5 Qc7 15.
Bxf6 Rad8 16. Qe2 Bxf6 17. Ng4 Bg5 18. Ne3 f5 19. b4 f4 20. Nf1 f3 21. gxf3 e3
22. fxe3 Rxf3 23. e4 Rdf8 24. Qg2 Bh4 25. Nbd2 Bxe1 26. Nxf3 Bxc3 27. Rb1 Bxb4
28. Rxb4 Qxc5+ 29. Rd4 Rxf3 30. Qxf3 Qxd4+ 31. Qf2 Qd7 32. Qd2 Qc7 33. Kf2 Nc4
34. Qd4 g6 35. Ke2 Bc8 36. Qd5+ Kg7 37. h4 Qf4 38. Qg5 Bg4+ 39. Ke1 Qxg5 40.
hxg5 Ne5 41. Kf2 Be6 42. a4 bxa4 43. Bxa4 Nf7 44. Ke3 Nxg5 45. Kf4 Nf7 46. e5
Kf8 47. Ng3 Bd5 48. Ne2 Ke7 49. Nc3 Bc4 50. Ne4 h6 51. Nc5 Nd8 52. Bc2 Kf7 53.
Ne4 Ke6 54. Nc5+ Kd5 55. Nd7 Ne6+ 56. Ke3 Kc6 57. Nb8+ Kc7 58. Nxa6+ Bxa6 59.
Bxg6 Bb7 60. Kf2 Kd8 61. Kg3 Ke7 62. Bf5 Ng7 63. Bh3 Bd5 64. Bg4 Be6 65. Bd1
Kf7 66. Kf4 Kg6 67. Ke4 Kg5 68. Be2 Nf5 69. Bd1 Bc8 70. Kd3 Kf4 0-1

[Event "Dallas UTD GM Invitational"]
[Site "Richardson USA"]
[Date "2007.12.08"]
[Round "3.6"]
[White "Ning, Chunhong"]
[Black "Ramirez, Alejandro"]
[Result "0-1"]
[WhiteElo "2354"]
[BlackElo "2505"]
[PlyCount "54"]
[EventDate "2007.12.06"]
[EventType "tourn"]
[EventRounds "11"]
[EventCountry "USA"]
[Source "lmi"]
[SourceDate "2007.12.06"]

1. e4 Nf6 2. Nc3 d5 3. exd5 Nxd5 4. d4 Nxc3 5. bxc3 g6 6. Nf3 Bg7 7. Bc4 O-O 8.
O-O c5 9. Ba3 cxd4 10. cxd4 Qc7 11. Bb3 Nc6 12. Re1 Rd8 13. c3 e6 14. Qd3 Na5
15. Bc2 b6 16. Ng5 Rd5 17. Bc1 Qe7 18. Qg3 Bb7 19. a4 Rc8 20. Ne4 h6 21. Ba3
Qd7 22. Nd6 Rg5 23. Qf4 Rxg2+ 24. Kf1 g5 25. Qe3 Rxh2 26. Nxb7 Qxb7 27. Qd3
Qg2+ 0-1

[Event "Dallas UTD GM Invitational"]
[Site "Richardson USA"]
[Date "2007.12.08"]
[Round "4.1"]
[White "Bercys, Salvijus"]
[Black "Schneider, Dmitry"]
[Result "1/2-1/2"]
[WhiteElo "2418"]
[BlackElo "2502"]
[PlyCount "111"]
[EventDate "2007.12.06"]
[EventType "tourn"]
[EventRounds "11"]
[EventCountry "USA"]
[Source "lmi"]
[SourceDate "2007.12.06"]

1. d4 d5 2. c4 e6 3. Nf3 c6 4. Nbd2 f5 5. Ne5 Nf6 6. g3 Be7 7. Bg2 O-O 8. O-O
Nbd7 9. Nd3 Ne4 10. Qc2 Ndf6 11. Nf3 Ng4 12. Rb1 Bd7 13. Nfe1 Bf6 14. h3 Ngxf2
15. Nxf2 Nxg3 16. Nf3 Nxf1 17. Kxf1 Be8 18. Nd3 Bh5 19. Nfe5 g5 20. Be3 f4 21.
Bf2 Qe7 22. Bf3 Be8 23. Ke1 Rd8 24. c5 h5 25. Kd2 Qh7 26. Rg1 Kh8 27. e3 fxe3+
28. Bxe3 Rg8 29. Be2 Rg7 30. Qd1 Kg8 31. Rg2 Be7 32. Qg1 Qf5 33. Nf2 b6 34. Bd3
Qf8 35. cxb6 c5 36. Ke2 cxd4 37. Bxg5 Bxg5 38. Rxg5 axb6 39. Nd1 Ra8 40. a3
Raa7 41. Rxg7+ Rxg7 42. Qxd4 Rg2+ 43. Nf2 Qf6 44. Nf3 Qxd4 45. Nxd4 e5 46. Nf5
e4 47. Ba6 Rg5 48. Bc8 Kf7 49. h4 Rg6 50. Nh3 Rg2+ 51. Ke3 Rxb2 52. Nd6+ Ke7
53. Nxe8 Kxe8 54. Nf4 Rb3+ 55. Kd4 Rxa3 56. Nxd5 1/2-1/2

[Event "Dallas UTD GM Invitational"]
[Site "Richardson USA"]
[Date "2007.12.08"]
[Round "4.3"]
[White "Bartholomew, John"]
[Black "Panchanathan, Magesh Chandran"]
[Result "1/2-1/2"]
[WhiteElo "2435"]
[BlackElo "2500"]
[PlyCount "160"]
[EventDate "2007.12.06"]
[EventType "tourn"]
[EventRounds "11"]
[EventCountry "USA"]
[Source "lmi"]
[SourceDate "2007.12.06"]

1. e4 e5 2. Nf3 Nc6 3. Bb5 a6 4. Bxc6 dxc6 5. O-O f6 6. d4 exd4 7. Nxd4 c5 8.
Nb3 Qxd1 9. Rxd1 Bd6 10. Na5 b6 11. Nc4 Bf8 12. Nc3 Be6 13. Nd5 O-O-O 14. Bf4
Bxd5 15. Rxd5 Rxd5 16. exd5 Ne7 17. Rd1 Ng6 18. Bg3 b5 19. Ne3 Kd7 20. a4 h5
21. h4 c4 22. axb5 axb5 23. Nf5 Ne5 24. Ra1 g6 25. Nd4 Bc5 26. Nxb5 Rb8 27. Nc3
Bd4 28. Ne4 f5 29. c3 fxe4 30. cxd4 Ng4 31. f3 exf3 32. gxf3 Ne3 33. Ra7 Nxd5
34. Ra5 Ke6 35. Rc5 Rxb2 36. Rxc4 Kd7 37. Rc5 c6 38. Ra5 Ke6 39. Rc5 Kd7 40.
Ra5 Rd2 41. Ra7+ Ke6 42. Rg7 Ne7 43. Bf2 Kf6 44. Rh7 Rc2 45. Rh8 Nf5 46. Rf8+
Ke7 47. Rg8 Kf7 48. Rc8 Ne7 49. Rc7 Ke6 50. Bg3 Rc3 51. Kg2 Rc4 52. Bf2 Rc2 53.
Kg1 Nd5 54. Rc8 Nf4 55. Be3 Ne2+ 56. Kf1 Kd5 57. Bf2 Nf4 58. Be3 Ne6 59. Bf2
Rc1+ 60. Kg2 Nf4+ 61. Kg3 Ne2+ 62. Kg2 Rc2 63. Kf1 Nf4 64. Be3 Rc3 65. Kf2 Ne6
66. Rg8 Rc2+ 67. Kf1 Kc4 68. Rxg6 Nxd4 69. Bxd4 Kxd4 70. Rh6 c5 71. Rxh5 c4 72.
Rh8 Rh2 73. Ke1 Kd3 74. Rd8+ Kc2 75. f4 c3 76. f5 Rxh4 77. Ke2 Rf4 78. Rd5 Kb3
79. Rb5+ Kc4 80. Rb8 Rxf5 1/2-1/2

[Event "Dallas UTD GM Invitational"]
[Site "Richardson USA"]
[Date "2007.12.08"]
[Round "4.4"]
[White "Stopa, Jacek"]
[Black "Zhao, Jun"]
[Result "1/2-1/2"]
[WhiteElo "2410"]
[BlackElo "2552"]
[PlyCount "62"]
[EventDate "2007.12.06"]
[EventType "tourn"]
[EventRounds "11"]
[EventCountry "USA"]
[Source "lmi"]
[SourceDate "2007.12.06"]

1. e4 e5 2. Nf3 Nf6 3. Nxe5 d6 4. Nf3 Nxe4 5. Nc3 Nf6 6. d4 Be7 7. Bd3 O-O 8.
h3 Nbd7 9. O-O b6 10. Ne2 Bb7 11. Ng3 Re8 12. c4 d5 13. b3 g6 14. Bf4 Bd6 15.
Bxd6 cxd6 16. cxd5 Bxd5 17. Nd2 Nf8 18. Nc4 Bb7 19. Ne3 Nd5 20. Nxd5 Bxd5 21.
Bb5 Re7 22. Qg4 Kh8 23. Qg5 f5 24. Rac1 Ne6 25. Qf6+ Rg7 26. Qxd8+ Rxd8 27. Ne2
Rc7 28. Rxc7 Nxc7 29. Bd3 Ne6 30. Rc1 Kg7 31. f3 Rd7 1/2-1/2

[Event "Dallas UTD GM Invitational"]
[Site "Richardson USA"]
[Date "2007.12.09"]
[Round "5.1"]
[White "Panchanathan, Magesh Chandran"]
[Black "Bercys, Salvijus"]
[Result "1/2-1/2"]
[WhiteElo "2500"]
[BlackElo "2418"]
[PlyCount "86"]
[EventDate "2007.12.06"]
[EventType "tourn"]
[EventRounds "11"]
[EventCountry "USA"]
[Source "lmi"]
[SourceDate "2007.12.06"]

1. e4 e5 2. Nf3 Nc6 3. Bb5 a6 4. Ba4 Nf6 5. O-O b5 6. Bb3 Bc5 7. d3 d6 8. a4 b4
9. a5 h6 10. Be3 Ba7 11. Qe1 O-O 12. Bxa7 Rxa7 13. Ba4 Nxa5 14. Qxb4 c5 15. Qa3
Nh5 16. Nbd2 f5 17. g3 fxe4 18. dxe4 Bh3 19. Rfe1 Raf7 20. Qd3 c4 21. Qc3 g5
22. Re2 Bg4 23. Re3 Be6 24. Rf1 Bh3 25. Rd1 Be6 26. b4 cxb3 27. Nxb3 Nc4 28.
Red3 Qc8 29. Nbd2 g4 30. Nh4 Rxf2 31. Nxc4 Bxc4 32. Rxd6 Rf1+ 33. Rxf1 Rxf1+
34. Kg2 Qc5 35. Qxc4+ Qxc4 36. Bb3 Qxb3 37. Rg6+ Kh7 38. cxb3 Rf6 39. Rxg4 Rb6
40. Nf5 Rxb3 41. Kh3 Rb7 42. Rh4 Kg6 43. Rg4+ Kh7 1/2-1/2

[Event "Dallas UTD GM Invitational"]
[Site "Richardson USA"]
[Date "2007.12.09"]
[Round "5.3"]
[White "Zhao, Jun"]
[Black "Bartholomew, John"]
[Result "1/2-1/2"]
[WhiteElo "2552"]
[BlackElo "2435"]
[PlyCount "145"]
[EventDate "2007.12.06"]
[EventType "tourn"]
[EventRounds "11"]
[EventCountry "USA"]
[Source "lmi"]
[SourceDate "2007.12.06"]

1. e4 d5 2. exd5 Qxd5 3. Nc3 Qa5 4. d4 c6 5. Nf3 Nf6 6. Bd2 Bf5 7. Bc4 e6 8.
Nd5 Qd8 9. Nxf6+ Qxf6 10. Ne5 Nd7 11. Nxd7 Kxd7 12. c3 Bd6 13. O-O Qh4 14. f4
h5 15. Rf2 Qf6 16. Qf3 Qg6 17. Re1 Rhd8 18. b4 a6 19. a4 Rac8 20. Qe3 Ke8 21.
Bb3 Kf8 22. a5 Be7 23. g3 Bf6 24. Qf3 Rd7 25. Qg2 h4 26. Bd1 hxg3 27. hxg3 Bg4
28. Bxg4 Qxg4 29. Qf3 Qxf3 30. Rxf3 g6 31. g4 Ke7 32. Rh3 Rdd8 33. Kg2 Rh8 34.
Be3 Rxh3 35. Kxh3 Rg8 36. g5 Bg7 37. Kg3 Rh8 38. c4 Kd7 39. Rb1 Rc8 40. Kf3 Ra8
41. Ke4 Kc7 42. Bf2 Kd7 43. Be1 Rc8 44. Bd2 Rh8 45. b5 cxb5 46. cxb5 axb5 47.
Rxb5 Kc7 48. Bb4 Bf8 49. Bxf8 Rxf8 50. Ke5 Rd8 51. Kf6 Rd7 52. Rb6 Kd8 53. a6
bxa6 54. Rxa6 Rxd4 55. f5 Rf4 56. Kxf7 Rxf5+ 57. Kxg6 Ke7 58. Kh6 Rf1 59. Kh7
Rf7+ 60. Kh6 Rf1 61. Ra5 Kf7 62. Ra7+ Kf8 63. Kh7 e5 64. Ra8+ Ke7 65. g6 Rh1+
66. Kg8 Rg1 67. g7 Ke6 68. Ra6+ Kf5 69. Kf7 Rxg7+ 70. Kxg7 e4 71. Ra3 Kf4 72.
Kf6 e3 73. Rxe3 1/2-1/2

[Event "Dallas UTD GM Invitational"]
[Site "Richardson USA"]
[Date "2007.12.10"]
[Round "6.1"]
[White "Bercys, Salvijus"]
[Black "Zhao, Jun"]
[Result "0-1"]
[WhiteElo "2418"]
[BlackElo "2552"]
[PlyCount "74"]
[EventDate "2007.12.06"]
[EventType "tourn"]
[EventRounds "11"]
[EventCountry "USA"]
[Source "lmi"]
[SourceDate "2007.12.06"]

1. d4 Nf6 2. Nf3 b5 3. e3 a6 4. a4 b4 5. Bd3 Bb7 6. Nbd2 e6 7. e4 d5 8. Qe2
dxe4 9. Nxe4 Be7 10. Nxf6+ gxf6 11. Be4 Nc6 12. d5 exd5 13. Bf5 Bc8 14. Bxc8
Qxc8 15. Be3 Qb7 16. O-O-O O-O-O 17. Qd3 Kb8 18. b3 Ne5 19. Qf5 Qc8 20. Nd4 c5
21. Qxc8+ Kxc8 22. Nf5 Bf8 23. Bf4 Ng6 24. g3 Nxf4 25. gxf4 Bd6 26. Nxd6+ Rxd6
27. Rhg1 Kc7 28. Rg7 Rd7 29. Rdg1 Re7 30. Rg8 Rxg8 31. Rxg8 c4 32. bxc4 dxc4
33. Rh8 Kb6 34. Rc8 c3 35. Kb1 Ka5 36. Ra8 Re6 37. f5 Rd6 0-1

[Event "Dallas UTD GM Invitational"]
[Site "Richardson USA"]
[Date "2007.12.10"]
[Round "6.4"]
[White "Bartholomew, John"]
[Black "Boskovic, Drasko"]
[Result "1/2-1/2"]
[WhiteElo "2435"]
[BlackElo "2465"]
[PlyCount "24"]
[EventDate "2007.12.06"]
[EventType "tourn"]
[EventRounds "11"]
[EventCountry "USA"]
[Source "lmi"]
[SourceDate "2007.12.06"]

1. Nf3 c5 2. c4 g6 3. e4 Nc6 4. d4 cxd4 5. Nxd4 Nf6 6. Nc3 d6 7. Be2 Nxd4 8.
Qxd4 Bg7 9. Be3 O-O 10. Qd2 a5 11. f3 a4 12. Rc1 Qa5 1/2-1/2

[Event "Dallas UTD GM Invitational"]
[Site "Richardson USA"]
[Date "2007.12.10"]
[Round "6.5"]
[White "Stopa, Jacek"]
[Black "Kuljasevic, Davorin"]
[Result "1/2-1/2"]
[WhiteElo "2410"]
[BlackElo "2464"]
[PlyCount "55"]
[EventDate "2007.12.06"]
[EventType "tourn"]
[EventRounds "11"]
[EventCountry "USA"]
[Source "lmi"]
[SourceDate "2007.12.06"]

1. d4 Nf6 2. c4 c5 3. d5 e6 4. Nc3 exd5 5. cxd5 Bd6 6. e4 O-O 7. f4 Nxe4 8.
Nxe4 Re8 9. Qe2 Bf8 10. g4 Na6 11. Bg2 Nb4 12. Nf3 b5 13. Kf2 c4 14. Rd1 Bb7
15. g5 Rc8 16. Kf1 Bxd5 17. Ne5 d6 18. Rxd5 Nxd5 19. Nxf7 Qc7 20. g6 hxg6 21.
Neg5 Rxe2 22. Bxd5 Rf2+ 23. Ke1 Re8+ 24. Be3 Rxe3+ 25. Kxf2 Qc5 26. Nh6+ Kh8
27. Nhf7+ Kg8 28. Nh6+ 1/2-1/2

[Event "Dallas UTD GM Invitational"]
[Site "Richardson USA"]
[Date "2007.12.10"]
[Round "7.1"]
[White "Boskovic, Drasko"]
[Black "Bercys, Salvijus"]
[Result "1/2-1/2"]
[WhiteElo "2465"]
[BlackElo "2418"]
[PlyCount "78"]
[EventDate "2007.12.06"]
[EventType "tourn"]
[EventRounds "11"]
[EventCountry "USA"]
[Source "lmi"]
[SourceDate "2007.12.06"]

1. e4 c5 2. Nf3 e6 3. d4 cxd4 4. Nxd4 a6 5. Be2 Nf6 6. Nc3 Bb4 7. O-O Qc7 8.
Qd3 Nc6 9. Nxc6 bxc6 10. f4 d5 11. e5 Nd7 12. b3 O-O 13. Bb2 a5 14. Qg3 Ba6 15.
Bxa6 Rxa6 16. a3 Bxc3 17. Bxc3 Nc5 18. Bd4 Ne4 19. Qd3 Raa8 20. c4 Rab8 21. f5
exf5 22. Rxf5 Qd7 23. Raf1 Qe6 24. Qe3 Rb7 25. cxd5 cxd5 26. Qe1 Rxb3 27. Qxa5
Rd3 28. Qa7 g6 29. R5f3 Rxf3 30. Rxf3 Rc8 31. h3 h5 32. Kh2 g5 33. Rf1 g4 34.
Qb7 Rc4 35. Qb8+ Kg7 36. Qb2 Kg6 37. Qb1 Kg7 38. Qb2 Kg6 39. Qb1 Kg7 1/2-1/2

[Event "Dallas UTD GM Invitational"]
[Site "Richardson USA"]
[Date "2007.12.10"]
[Round "7.6"]
[White "Schneider, Dmitry"]
[Black "Ramirez, Alejandro"]
[Result "1-0"]
[WhiteElo "2502"]
[BlackElo "2505"]
[PlyCount "75"]
[EventDate "2007.12.06"]
[EventType "tourn"]
[EventRounds "11"]
[EventCountry "USA"]
[Source "lmi"]
[SourceDate "2007.12.06"]

1. e4 c5 2. Nf3 Nc6 3. d4 cxd4 4. Nxd4 Nf6 5. Nc3 e5 6. Ndb5 d6 7. Nd5 Nxd5 8.
exd5 Nb8 9. c4 Be7 10. Be2 O-O 11. O-O a6 12. Nc3 f5 13. f4 Bf6 14. Kh1 Nd7 15.
Qc2 exf4 16. Bxf4 Be5 17. Qd2 Qf6 18. Bxe5 Nxe5 19. Rac1 f4 20. Ne4 Qh6 21. c5
Bg4 22. c6 bxc6 23. dxc6 Bxe2 24. Qxe2 Rae8 25. Qd1 f3 26. Qd5+ Kh8 27. Qxd6
Qh4 28. gxf3 Rxf3 29. Nd2 Rf6 30. Rxf6 gxf6 31. c7 Kg7 32. Qd8 Ng4 33. Qd7+ Kh6
34. Nf3 Qh3 35. Qd2+ Ne3 36. Qf2 Nd5 37. c8=Q Rxc8 38. Qd2+ 1-0

[Event "Dallas UTD GM Invitational"]
[Site "Richardson USA"]
[Date "2007.12.11"]
[Round "8.1"]
[White "Bercys, Salvijus"]
[Black "Kuljasevic, Davorin"]
[Result "0-1"]
[WhiteElo "2418"]
[BlackElo "2464"]
[PlyCount "78"]
[EventDate "2007.12.06"]
[EventType "tourn"]
[EventRounds "11"]
[EventCountry "USA"]
[Source "lmi"]
[SourceDate "2007.12.06"]

1. d4 d5 2. c4 c6 3. Nf3 Nf6 4. e3 a6 5. Qc2 Bg4 6. Ne5 Bh5 7. Nc3 e6 8. Qb3
Qc7 9. h3 Nbd7 10. g4 Bg6 11. Nxg6 hxg6 12. g5 dxc4 13. Qxc4 Nd5 14. Bd2 Rd8
15. Bg2 N5b6 16. Qe2 e5 17. f4 exd4 18. exd4+ Be7 19. O-O Qd6 20. Rae1 Nc8 21.
d5 O-O 22. Ne4 Qb8 23. dxc6 bxc6 24. Bc3 Qb5 25. Qg4 Bb4 26. f5 Bxc3 27. Nxc3
Qc5+ 28. Kh1 Ne5 29. Qg3 Nd3 30. Ne4 Qd4 31. Re3 Ne7 32. Nf6+ gxf6 33. Rxe7
fxg5 34. Re4 Qc5 35. b4 Qc2 36. fxg6 fxg6 37. Qxg5 Rxf1+ 38. Bxf1 Nf2+ 39. Kg1
Nxh3+ 0-1

[Event "Dallas UTD GM Invitational"]
[Site "Richardson USA"]
[Date "2007.12.11"]
[Round "8.2"]
[White "Ning, Chunhong"]
[Black "Boskovic, Drasko"]
[Result "0-1"]
[WhiteElo "2354"]
[BlackElo "2465"]
[PlyCount "84"]
[EventDate "2007.12.06"]
[EventType "tourn"]
[EventRounds "11"]
[EventCountry "USA"]
[Source "lmi"]
[SourceDate "2007.12.06"]

1. e4 c5 2. c3 d5 3. exd5 Qxd5 4. d4 g6 5. Nf3 Bg7 6. Bb5+ Bd7 7. Bxd7+ Nxd7 8.
O-O Nh6 9. Bxh6 Bxh6 10. Re1 e6 11. Na3 O-O 12. c4 Qh5 13. Nb5 Rfd8 14. Nd6
cxd4 15. Nxb7 Rdb8 16. Nd6 Bg7 17. b3 Qc5 18. Ne4 Qb6 19. Rc1 Rc8 20. h3 h6 21.
Qd2 a5 22. Nc3 e5 23. Nd5 Qd6 24. Nxd4 exd4 25. Ne7+ Kh7 26. Nxc8 Rxc8 27. Qxa5
Nc5 28. Rcd1 Qf4 29. Re7 Be5 30. g3 Qf3 31. Qe1 Bd6 32. Ra7 Qf6 33. b4 Ne6 34.
c5 Ng5 35. Rd3 Bb8 36. Re7 Nf3+ 37. Rxf3 Qxf3 38. Rd7 Rc6 39. Rxd4 Re6 40. Qf1
Re2 41. Qg2 Re1+ 42. Kh2 Bxg3+ 0-1